Global Issues in Pharmacuetical Marketing (Record no. 353252)
[ view plain ]
| 000 -LEADER | |
|---|---|
| fixed length control field | 00277nam a2200097Ia 4500 |
| 008 - FIXED-LENGTH DATA ELEMENTS--GENERAL INFORMATION | |
| fixed length control field | 180116s9999 xx 000 0 und d |
| 020 ## - INTERNATIONAL STANDARD BOOK NUMBER | |
| International Standard Book Number | 9780415895323 |
| 245 ## - TITLE STATEMENT | |
| Statement of responsibility, etc | Lea Prevel Katsanis |
| Title | Global Issues in Pharmacuetical Marketing |
| 260 ## - PUBLICATION, DISTRIBUTION, ETC. (IMPRINT) | |
| Name of publisher, distributor, etc | Routledge |
| Date of publication, distribution, etc | 2016 |
| 300 ## - PHYSICAL DESCRIPTION | |
| Extent | 178 pages |
| Withdrawn status | Lost status | Damaged status | Home library | Current library | Shelving location | Date acquired | Source of acquisition | Total Checkouts | Full call number | Barcode | Date last seen | Price effective from | Koha item type |
|---|---|---|---|---|---|---|---|---|---|---|---|---|---|
| South SEED-LPDH College Library | South SEED-LPDH College Library | South SEED-LPDH College Section | 01/16/2018 | Library Fund | HD 9666.5 .K19 2016 | SSLC1635 | 05/15/2018 | 01/16/2018 | Books |